=LDR 00000nam 2200000 4500 =001 INLIS000000000008505 =005 20130612100348 =008 ***********************************Ind** =035 ##$$0010-061300000008505 =041 ##$$a Ind =082 ##$$a 420.7 =090 ##$$a 420.7, Glo g =245 ##$$a Global Access to The World Of Work JL F =260 ##$$a 2001 $b Semarang =300 ##$$a 102 hlm, 21 cm =650 ##$$a Bahasa Inggris =850 ##$$a NBPNMAT